Statistics for Groups of things #6

Click here to take the quiz!

General Stats

  • This quiz has been taken 417 times
  • The average score is 16 of 30

Answer Stats

GroupAnswer% Correct
The 5 sensesSmell
96%
Irregular plural (creature)Mice
95%
The 5 sensesTaste
95%
The 5 sensesTouch
95%
Irregular plural (creature)Geese
92%
The 5 sensesSight
92%
Countries that start with FFrance
89%
The 5 sensesHearing
89%
Irregular plural (creature)Lice
86%
Countries that start with FFinland
83%
Top 3 common cancerBreast
77%
Top 3 common cancerLung
75%
Irregular plural (creature)Oxen
72%
Countries that start with FFiji
68%
Top 8 allergenic FoodsMilk
64%
Top 8 allergenic FoodsPeanuts
60%
Top 8 allergenic FoodsWheat
34%
Top 8 allergenic FoodsEggs
32%
Top 8 allergenic FoodsShellfish
32%
Top 8 allergenic FoodsFish
27%
4 essential elements of statePopulation
23%
Top 3 common cancerBowel
22%
Top 8 allergenic FoodsSoybeans
18%
4 essential elements of stateTerritory
9%
2 major infarction diseasesCardiac infarction
6%
Iron triangleCongress
6%
Iron triangleInterest Group
4%
4 essential elements of stateSovereignty
4%
Iron triangleBureaucracy
3%
2 major infarction diseasesCerebral infarction
3%

Score Distribution

Percentile by Number Answered

Percent of People with Each Score

Your Score History

You have not taken this quiz